314 digits of Pi - Statistics

General Stats
  • This quiz has been taken 997 times
  • The average score is 121 of 314
Answer Stats
Start Digits After Decimal Decimal Places Number % Correct
3. 1 1
100%
4 2
99%
1 3
98%
5 4
98%
9 5
96%
2 6
94%
6 7
93%
3 9
92%
5 8
92%
5 10
92%
8 11
91%
9 12
90%
7 13
89%
3 15
87%
9 14
87%
2 16
86%
3 17
86%
8 18
85%
4 19
84%
6 20
83%
2 21
82%
6 22
82%
3 24
80%
4 23
80%
3 25
79%
8 26
78%
3 27
77%
2 28
76%
7 29
76%
9 30
76%
0 32
74%
2 33
74%
5 31
74%
8 34
73%
8 35
72%
1 37
71%
4 36
71%
9 38
71%
1 40
70%
6 41
70%
7 39
70%
3 43
68%
9 42
68%
9 44
68%
9 45
68%
1 49
67%
3 46
67%
0 50!
66%
5 48
66%
7 47
66%
2 53
63%
5 51
63%
8 52
63%
0 54
62%
9 55
61%
0 65
60%
2 63
60%
4 57
60%
4 59
60%
4 60
60%
5 61
60%
7 56
60%
9 58
60%
9 62
60%
3 64
59%
1 68
58%
7 66
58%
0 71
57%
2 73
57%
4 70
57%
6 69
57%
8 67
57%
6 72
56%
6 75
56%
8 74
56%
0 77
55%
2 76
55%
8 78
55%
9 79
55%
9 80
55%
2 83
54%
8 81
54%
0 85
53%
6 82
53%
8 84
53%
2 89
52%
5 90
52%
0 97
51%
1 94
51%
1 95
51%
2 93
51%
3 86
51%
3 91
51%
4 87
51%
4 92
51%
6 98
51%
7 96
51%
7 99
51%
8 88
51%
9 100!
50%
1 103
49%
2 102
49%
8 101
49%
4 104
48%
0 106
47%
8 105
47%
6 108
45%
8 107
45%
1 110
44%
5 109
44%
2 112
43%
2 114
43%
3 111
43%
0 116
42%
0 121
42%
3 115
42%
4 119
42%
6 117
42%
6 118
42%
7 120
42%
8 113
42%
9 122
41%
0 128
40%
0 132
40%
3 123
40%
4 125
40%
4 126
40%
5 130
40%
5 131
40%
5 133
40%
6 127
40%
8 124
40%
9 129
40%
1 138
38%
2 135
38%
2 136
38%
2 140
38%
3 137
38%
3 142
38%
5 141
38%
5 143
38%
7 139
38%
8 134
38%
0 146
37%
4 145
37%
8 147
37%
9 144
37%
1 148
36%
2 149
36%
8 150!
36%
1 153
35%
4 151
35%
8 152
35%
1 154
33%
1 155
33%
4 157
33%
7 156
33%
0 159
32%
1 163
32%
1 168
32%
2 160
32%
2 165
32%
5 158
32%
0 164
31%
0 167
31%
4 162
31%
7 166
31%
8 161
31%
0 176
30%
1 174
30%
1 175
30%
2 173
30%
2 185
30%
3 170
30%
5 172
30%
5 177
30%
5 178
30%
5 179
30%
8 171
30%
9 169
30%
2 186
29%
3 194
29%
4 182
29%
4 183
29%
4 188
29%
4 192
29%
5 191
29%
6 181
29%
6 184
29%
8 189
29%
9 180
29%
9 187
29%
9 190
29%
9 193
29%
0 195
28%
1 198
28%
3 196
28%
8 197
27%
9 199
27%
1 206
26%
2 203
26%
4 201
26%
4 202
26%
6 200!
26%
0 207
25%
8 204
25%
8 205
25%
5 210
24%
7 209
24%
9 208
24%
1 220
23%
2 221
23%
5 213
23%
6 211
23%
6 212
23%
3 215
22%
3 216
22%
4 217
22%
4 218
22%
6 219
22%
8 222
22%
9 214
22%
4 223
21%
5 225
21%
7 224
21%
2 229
20%
3 230
20%
3 231
20%
4 227
20%
6 226
20%
7 232
20%
8 228
20%
1 238
19%
6 234
19%
8 233
19%
1 243
18%
1 246
18%
1 250!
18%
2 241
18%
2 244
18%
3 237
18%
5 240
18%
6 239
18%
7 235
18%
8 236
18%
0 245
17%
0 248
17%
4 251
17%
5 252
17%
6 253
17%
7 242
17%
9 247
17%
9 249
17%
4 254
16%
5 256
16%
6 257
16%
6 258
16%
8 255
16%
2 260
15%
3 261
15%
4 262
15%
9 259
15%
0 264
14%
3 265
14%
4 266
14%
6 263
14%
8 267
14%
0 270
13%
1 269
13%
1 281
13%
2 275
13%
2 280
13%
3 274
13%
4 271
13%
4 273
13%
4 278
13%
5 272
13%
6 268
13%
6 276
13%
6 277
13%
8 279
13%
2 289
12%
3 282
12%
3 283
12%
0 287
11%
0 291
11%
1 295
11%
1 297
11%
2 292
11%
3 285
11%
4 293
11%
6 286
11%
6 290
11%
7 288
11%
9 284
11%
9 294
11%
2 298
10%
3 300!
10%
4 296
10%
7 299
10%
2 302
7%
4 303
7%
5 304
7%
7 301
7%
0 307
5%
1... GG :) (314)
5%
3 313
5%
6 312
5%
7 306
5%
8 305
5%
0 308
4%
0 311
4%
6 309
4%
6 310
4%
No matching quizzes found
Score Distribution
Percent of People with Each Score
Percentile by Number Answered
Your Score History
You have not taken this quiz